[Event "ARG SUD III Sub 20 Boys"]
[Site "Matheu, Buenos Aires"]
[Date "2007.??.??"]
[Round "?"]
[White "Fier Hilario, Alexandr"]
[Black "Cordova, Emilio"]
[Result "0-1"]
[WhiteElo "2526"]
[BlackElo "2477"]
[PlyCount "86"]
[EventDate "2007.02.07"]

1. e4 c5 2. Nf3 Nc6 3. d4 cxd4 4. Nxd4 Nf6 5. Nc3 e5 6. Ndb5 d6 7. Bg5 a6 8.
Na3 b5 9. Bxf6 gxf6 10. Nd5 Bg7 11. Bd3 Ne7 12. Nxe7 Qxe7 13. O-O O-O 14. c4 f5
15. Qh5 Rb8 16. exf5 e4 17. Rae1 Bb7 18. Qg4 Rfe8 19. cxb5 d5 20. bxa6 Bc6 21.
b3 Bd7 22. a7 Rb7 23. Nc4 Rd8 24. Ne3 exd3 25. Nxd5 Qd6 26. Qg5 f6 27. Qg4 Bc6
28. Nc3 Qb4 29. Qxb4 Rxb4 30. Re6 Ba8 31. Rd1 Kf7 32. Na4 Rg4 33. g3 Bf3 34.
a8=Q Bxa8 35. f4 Bh6 36. Kf2 Bxf4 37. gxf4 Rg2+ 38. Kf1 Rxh2 39. Nc3 Bf3 40.
Rb1 d2 41. Re3 Rh1+ 42. Kf2 Rxb1 43. Kxf3 Rc1 0-1

[Event "ARG SUD III Sub 20 Boys"]
[Site "Matheu, Buenos Aires"]
[Date "2007.??.??"]
[Round "?"]
[White "Fier Hilario, Alexandr"]
[Black "Cori Tello, Jorge"]
[Result "1-0"]
[WhiteElo "2526"]
[BlackElo "2213"]
[PlyCount "81"]
[EventDate "2007.02.07"]

1. d4 Nf6 2. Bg5 Ne4 3. h4 d5 4. Nd2 Bf5 5. Nxe4 Bxe4 6. f3 Bf5 7. g4 Bc8 8.
Qd2 h6 9. Bf4 e6 10. O-O-O Nd7 11. e4 Nb6 12. exd5 Qxd5 13. Kb1 Bd6 14. Bxd6
cxd6 15. Nh3 Bd7 16. Nf4 Qxf3 17. Rg1 Nd5 18. Nxd5 Qxd5 19. Bg2 Qb5 20. Qf4 Qa6
21. Rgf1 Rf8 22. Rfe1 O-O-O 23. Rd3 d5 24. Qe5 Rg8 25. Rf1 Rdf8 26. Rc3+ Bc6
27. Rxf7 Rxf7 28. Qxe6+ Kd8 29. Qxf7 Re8 30. a3 Qe2 31. Bxd5 Bd7 32. Qxg7 Qf1+
33. Ka2 Re1 34. Qh8+ Ke7 35. Qh7+ Kd6 36. Qxh6+ Kxd5 37. Rc5+ Ke4 38. Qg6+ Ke3
39. Rc3+ Ke2 40. Qd3+ Kf2 41. Qg3+ 1-0

[Event "ARG SUD III Sub 20 Boys"]
[Site "Matheu, Buenos Aires"]
[Date "2007.??.??"]
[Round "?"]
[White "Fier Hilario, Alexandr"]
[Black "Fusco, Leonardo"]
[Result "1-0"]
[WhiteElo "2526"]
[BlackElo "2251"]
[PlyCount "59"]
[EventDate "2007.02.07"]

1. e4 c5 2. Nf3 d6 3. d4 cxd4 4. Nxd4 Nf6 5. Nc3 a6 6. Bg5 e6 7. f4 Qb6 8. Qd2
Qxb2 9. Rb1 Qa3 10. e5 h6 11. Bh4 dxe5 12. fxe5 Nfd7 13. Ne4 Qxa2 14. Rd1 Qd5
15. Qe3 Qxe5 16. Bg3 Qa5+ 17. c3 Qb6 18. Bd3 Be7 19. Rb1 Qa5 20. Bd6 Nf6 21.
O-O Qd8 22. Bxb8 Rxb8 23. Qg3 Nxe4 24. Bxe4 Qd6 25. Qxg7 Rf8 26. Rbd1 Bd7 27.
Kh1 Rc8 28. Nf3 Qf4 29. Ne5 Bf6 30. Qxf8+ 1-0

[Event "ARG SUD III Sub 20 Boys"]
[Site "Matheu, Buenos Aires"]
[Date "2007.??.??"]
[Round "?"]
[White "Fier Hilario, Alexandr"]
[Black "Mareco, Sandro"]
[Result "0-1"]
[WhiteElo "2526"]
[BlackElo "2356"]
[PlyCount "66"]
[EventDate "2007.02.07"]

1. e4 e6 2. d4 d5 3. Nc3 Nf6 4. Bg5 dxe4 5. Nxe4 Be7 6. Bxf6 gxf6 7. Nf3 a6 8.
c4 f5 9. Nc3 Bf6 10. Qd2 c5 11. d5 O-O 12. O-O-O exd5 13. Nxd5 Bg7 14. h4 Nc6
15. h5 h6 16. Rh3 f4 17. Rh4 Be6 18. Rxf4 Re8 19. Kb1 b5 20. Qc1 Nd4 21. Ne3
Rb8 22. Nxd4 cxd4 23. Nf5 Bxf5+ 24. Rxf5 d3 25. c5 Re1 26. Bxd3 Bxb2 27. Qc2
Rxd1+ 28. Qxd1 Bg7 29. Qb3 Qd7 30. Kc2 Rc8 31. Qd5 Qc7 32. Kd2 Rd8 33. Rxf7
Qa5+ 0-1

[Event "ARG SUD III Sub 20 Boys"]
[Site "Matheu, Buenos Aires"]
[Date "2007.??.??"]
[Round "?"]
[White "Fier Hilario, Alexandr"]
[Black "Mayorga, Nicolas"]
[Result "1-0"]
[WhiteElo "2526"]
[BlackElo "2231"]
[PlyCount "47"]
[EventDate "2007.02.07"]

1. d4 Nf6 2. Bg5 Ne4 3. h4 c5 4. dxc5 Qa5+ 5. Nd2 Nxg5 6. hxg5 Qxc5 7. g6 fxg6
8. e3 Nc6 9. Ngf3 d6 10. c3 Bg4 11. Rh4 Bxf3 12. Nxf3 Qb6 13. Qc2 e6 14. O-O-O
Ne7 15. Ng5 O-O-O 16. Rb4 Qa5 17. Nf7 Nc6 18. Ra4 Qf5 19. Qxf5 gxf5 20. Nxh8
Rd7 21. Bb5 g5 22. Rh1 Rg7 23. Bxc6 bxc6 24. Rh6 1-0

[Event "ARG SUD III Sub 20 Boys"]
[Site "Matheu, Buenos Aires"]
[Date "2007.??.??"]
[Round "?"]
[White "Fusco, Leonardo"]
[Black "Blit, Jacques"]
[Result "1-0"]
[WhiteElo "2251"]
[BlackElo "2306"]
[PlyCount "79"]
[EventDate "2007.02.07"]

1. e4 c5 2. Nf3 Nc6 3. d4 cxd4 4. Nxd4 Nf6 5. Nc3 g6 6. Nxc6 bxc6 7. e5 Ng8 8.
Bc4 d5 9. exd6 exd6 10. O-O Nf6 11. Re1+ Be6 12. Bxe6 fxe6 13. Rxe6+ Kf7 14.
Re2 d5 15. Bf4 Qb6 16. Be5 Bg7 17. Qd4 Rae8 18. Rae1 Qxd4 19. Bxd4 Rxe2 20.
Rxe2 Nh5 21. Bxg7 Nxg7 22. f3 Ne6 23. Kf2 Nc5 24. b3 a5 25. Rd2 Rb8 26. Rd4 Kf6
27. Na4 Ne6 28. Rh4 h5 29. Nb2 c5 30. Ra4 Nd4 31. Rxa5 Nxc2 32. Rxc5 Nb4 33. a3
Na2 34. b4 d4 35. Ke2 Ra8 36. Nc4 Nc1+ 37. Kd1 Na2 38. b5 Nc3+ 39. Kc2 Rb8 40.
b6 1-0

[Event "ARG SUD III Sub 20 Boys"]
[Site "Matheu, Buenos Aires"]
[Date "2007.??.??"]
[Round "?"]
[White "Fusco, Leonardo"]
[Black "Cordova, Emilio"]
[Result "1/2-1/2"]
[WhiteElo "221"]
[BlackElo "2477"]
[PlyCount "136"]
[EventDate "2007.02.07"]

1. e4 c5 2. Nf3 Nc6 3. d4 cxd4 4. Nxd4 Nf6 5. Nc3 e5 6. Ndb5 d6 7. Bg5 a6 8.
Na3 b5 9. Bxf6 gxf6 10. Nd5 Bg7 11. Bd3 Ne7 12. Nxe7 Qxe7 13. c3 f5 14. O-O O-O
15. exf5 e4 16. Re1 Bxf5 17. Nc2 d5 18. Bf1 Rad8 19. a4 Rd6 20. axb5 axb5 21.
Nd4 Bd7 22. Ra7 Qd8 23. Nxb5 Bxb5 24. Bxb5 Rh6 25. Ra6 Rxa6 26. Bxa6 Qb6 27.
Bf1 Rd8 28. Qc2 f5 29. g3 f4 30. gxf4 Kh8 31. Kh1 Qh6 32. Qc1 Rf8 33. c4 Rxf4
34. cxd5 Qh4 35. Rxe4 Bh6 36. Qc8+ Kg7 37. Qd7+ Kg8 38. Qe6+ Kg7 39. Qe7+ Qxe7
40. Rxe7+ Kf6 41. Rxh7 Bf8 42. Kg2 Bc5 43. f3 Rb4 44. h4 Rxb2+ 45. Kg3 Rd2 46.
Rh5 Bd6+ 47. Kg4 Rd4+ 48. Kh3 Be5 49. Bg2 Bf4 50. Bf1 Be5 51. Ba6 Rf4 52. Kg2
Rd4 53. Bb7 Rd2+ 54. Kf1 Bg3 55. Kg1 Bf2+ 56. Kh1 Bg3 57. Kg1 Bf2+ 58. Kf1 Bg3
59. Rg5 Bxh4 60. Rg4 Bg5 61. Re4 Kf7 62. Bc6 Be7 63. Re6 Bc5 64. Ke1 Bb4 65.
Kf1 Bc5 66. Re2 Rxe2 67. Kxe2 Kf6 68. f4 Bd6 1/2-1/2

[Event "ARG SUD III Sub 20 Boys"]
[Site "Matheu, Buenos Aires"]
[Date "2007.??.??"]
[Round "?"]
[White "Fusco, Leonardo"]
[Black "Diamant, André"]
[Result "1-0"]
[WhiteElo "2251"]
[BlackElo "2426"]
[PlyCount "69"]
[EventDate "2007.02.07"]

1. e4 c5 2. Nf3 Nc6 3. d4 cxd4 4. Nxd4 e6 5. Nc3 a6 6. g3 Nge7 7. Bg2 Nxd4 8.
Qxd4 Nc6 9. Qd3 Be7 10. Bf4 d6 11. O-O-O e5 12. Be3 Be6 13. Nd5 Bxd5 14. exd5
Nb8 15. f4 Nd7 16. Bh3 Bf6 17. Qe4 O-O 18. Bxd7 Qxd7 19. f5 Rfc8 20. g4 Qd8 21.
h4 Qa5 22. g5 Bd8 23. Kb1 b5 24. f6 Qa4 25. Qf5 g6 26. Qd7 Ba5 27. Rh2 Qe4 28.
h5 gxh5 29. Qh3 Rc3 30. bxc3 Bxc3 31. Qh4 Qxe3 32. Qxh5 Qe4 33. Rh4 Qf5 34. Qh6
Qg6 35. Rdh1 1-0

[Event "ARG SUD III Sub 20 Boys"]
[Site "Matheu, Buenos Aires"]
[Date "2007.??.??"]
[Round "?"]
[White "Fusco, Leonardo"]
[Black "Goldwaser, Christian"]
[Result "0-1"]
[WhiteElo "2251"]
[BlackElo "2374"]
[PlyCount "70"]
[EventDate "2007.02.07"]

1. e4 e6 2. d4 d5 3. Nc3 Bb4 4. e5 c5 5. a3 Bxc3+ 6. bxc3 Nc6 7. Nf3 Qa5 8. Bd2
c4 9. a4 Bd7 10. Qb1 f6 11. Be2 O-O-O 12. O-O h6 13. h4 Rf8 14. Re1 g5 15. hxg5
hxg5 16. exf6 Nxf6 17. Nxg5 Nxd4 18. Bf1 Ng4 19. Be3 Qxc3 20. Qd1 Nxe3 21. Rxe3
Qxc2 22. Qe1 Qg6 23. Rg3 Qh6 24. Nh3 Nc2 25. Qa5 Nxa1 26. Qxa7 Nb3 27. a5 e5
28. Rxb3 cxb3 29. a6 bxa6 30. Bxa6+ Kd8 31. Qb8+ Ke7 32. Qxe5+ Qe6 33. Qg7+ Kd8
34. Qg5+ Rf6 35. Nf4 Qxa6 0-1

[Event "ARG SUD III Sub 20 Boys"]
[Site "Matheu, Buenos Aires"]
[Date "2007.??.??"]
[Round "?"]
[White "Fusco, Leonardo"]
[Black "Zabala, Adriel"]
[Result "1-0"]
[WhiteElo "2251"]
[BlackElo "2093"]
[PlyCount "61"]
[EventDate "2007.02.07"]

1. e4 e5 2. Nf3 Nc6 3. Bb5 f5 4. Nc3 fxe4 5. Nxe4 d5 6. Nxe5 dxe4 7. Nxc6 Qg5
8. Qe2 Nf6 9. f4 Qxf4 10. d4 Qh4+ 11. g3 Qh3 12. Ne5+ c6 13. Bc4 Be6 14. Bf4
O-O-O 15. O-O-O Bd6 16. Rhf1 Rhe8 17. Kb1 Kb8 18. a4 Bxc4 19. Qxc4 Bc7 20. Qf7
Nd5 21. Bg5 Rc8 22. c4 Nb4 23. Bd2 Nd3 24. Nxd3 exd3 25. Bf4 Re2 26. Bxc7+ Rxc7
27. Qf8+ Rc8 28. Qd6+ Ka8 29. Rf8 d2 30. Kc2 Rxh2 31. g4 1-0

[Event "ARG SUD III Sub 20 Boys"]
[Site "Matheu, Buenos Aires"]
[Date "2007.??.??"]
[Round "?"]
[White "Garnier, René"]
[Black "Blit, Jacques"]
[Result "1/2-1/2"]
[WhiteElo "2042"]
[BlackElo "2306"]
[PlyCount "76"]
[EventDate "2007.02.07"]

1. e4 c5 2. Nf3 Nc6 3. d4 cxd4 4. Nxd4 e5 5. Nb5 d6 6. c4 a6 7. N5a3 Nf6 8. Nc3
Be7 9. Be2 O-O 10. O-O Be6 11. Be3 Rc8 12. f3 Nd4 13. Qd2 Nxe2+ 14. Qxe2 Qc7
15. Nd5 Bxd5 16. cxd5 Nd7 17. Rfc1 Qb8 18. Nc4 b6 19. Rc2 Bd8 20. Rac1 b5 21.
Nd2 Rxc2 22. Rxc2 Bb6 23. Nf1 Rc8 24. Qd2 Rxc2 25. Qxc2 Kf8 26. Kf2 Qc7 27.
Qxc7 Bxc7 28. Ke2 f5 29. Nd2 fxe4 30. fxe4 Ke8 31. Kd3 Kf7 32. b3 Ba5 33. Nf3
Bd8 34. h3 h6 35. Ng1 h5 36. Ne2 h4 37. a4 bxa4 38. bxa4 g5 1/2-1/2

[Event "ARG SUD III Sub 20 Boys"]
[Site "Matheu, Buenos Aires"]
[Date "2007.??.??"]
[Round "?"]
[White "Garnier, René"]
[Black "Fier Hilario, Alexandr"]
[Result "0-1"]
[WhiteElo "2042"]
[BlackElo "2526"]
[PlyCount "74"]
[EventDate "2007.02.07"]

1. e4 c5 2. Nf3 d6 3. d4 cxd4 4. Nxd4 Nf6 5. f3 e6 6. c4 Be7 7. Nc3 O-O 8. Be3
a6 9. Be2 Qc7 10. O-O Nbd7 11. Rc1 b6 12. Qd2 Bb7 13. Rfd1 Rac8 14. Bf1 Qb8 15.
Qf2 Bd8 16. b3 Bc7 17. g3 Kh8 18. Bg2 Rg8 19. Nde2 g5 20. g4 Rg6 21. h4 gxh4
22. Qxh4 Rcg8 23. Nf4 R6g7 24. Nh5 Nxh5 25. Qxh5 Nf6 26. Qh4 Bd8 27. Qh2 e5 28.
Rc2 b5 29. Nd5 Bxd5 30. cxd5 Bb6 31. Bxb6 Qxb6+ 32. Kh1 Rg6 33. Qh4 Qe3 34. Qf2
Qf4 35. Qd2 Rh6+ 36. Kg1 Qh2+ 37. Kf1 Nxg4 0-1

[Event "ARG SUD III Sub 20 Boys"]
[Site "Matheu, Buenos Aires"]
[Date "2007.??.??"]
[Round "?"]
[White "Garnier, René"]
[Black "Latorre, Matias"]
[Result "0-1"]
[WhiteElo "2042"]
[BlackElo "2009"]
[PlyCount "56"]
[EventDate "2007.02.07"]

1. c4 e5 2. g3 g6 3. Bg2 Bg7 4. Nc3 Ne7 5. d3 O-O 6. e4 Nbc6 7. Nge2 f5 8. O-O
d6 9. Be3 Nd4 10. f4 Nec6 11. Qd2 fxe4 12. dxe4 Bg4 13. h3 Be6 14. Nd5 Nxe2+
15. Qxe2 Nd4 16. Bxd4 exd4 17. f5 Bxd5 18. exd5 Re8 19. Qg4 Qf6 20. fxg6 Qxg6
21. Qxg6 hxg6 22. Rae1 Re3 23. Rxe3 dxe3 24. b3 Bd4 25. Re1 Rf8 26. Re2 Kg7 27.
Be4 Rf2 28. Rxf2 e2 0-1

[Event "ARG SUD III Sub 20 Boys"]
[Site "Matheu, Buenos Aires"]
[Date "2007.??.??"]
[Round "?"]
[White "Garnier, René"]
[Black "Pizzocaro Gomez, Gustavo"]
[Result "1-0"]
[WhiteElo "2042"]
[BlackElo "2043"]
[PlyCount "95"]
[EventDate "2007.02.07"]

1. e4 e5 2. Nc3 Nf6 3. f4 d5 4. fxe5 Nxe4 5. Nf3 Be7 6. d3 Nxc3 7. bxc3 Be6 8.
Rb1 b6 9. d4 O-O 10. Bd3 c5 11. O-O c4 12. Be2 Nc6 13. Qe1 Bf5 14. Bd1 f6 15.
exf6 Bxf6 16. Qg3 Qd7 17. Bg5 Be4 18. Nd2 Bxg5 19. Qxg5 Rxf1+ 20. Nxf1 h6 21.
Qg3 Qf5 22. Ne3 Qe6 23. Bg4 Qg6 24. Re1 Rf8 25. Qh3 Ne7 26. Qg3 h5 27. Bd1 Qh6
28. Qe5 Nc6 29. Qxh5 Qf4 30. Qe2 b5 31. Rf1 Qd6 32. Rxf8+ Qxf8 33. Qg4 Qf6 34.
Bf3 Bxf3 35. Qxf3 Qxf3 36. gxf3 b4 37. cxb4 Nxb4 38. a3 Nc6 39. c3 Ne7 40. Kf2
Kf7 41. Kg3 Ke6 42. Kg4 Kf6 43. h4 Ke6 44. Kg5 Kf7 45. f4 a5 46. f5 a4 47. h5
Kf8 48. f6 1-0

[Event "ARG SUD III Sub 20 Boys"]
[Site "Matheu, Buenos Aires"]
[Date "2007.??.??"]
[Round "?"]
[White "Goldwaser, Christian"]
[Black "Ambrogi, Agustin"]
[Result "1-0"]
[WhiteElo "2374"]
[BlackElo "2159"]
[PlyCount "39"]
[EventDate "2007.02.07"]

1. c4 e6 2. Nc3 d5 3. d4 Nf6 4. cxd5 exd5 5. Bg5 Be7 6. e3 O-O 7. Bd3 c6 8. Qc2
Nbd7 9. Nf3 Re8 10. h3 Nf8 11. O-O Nh5 12. Bxe7 Qxe7 13. Rfe1 Ng6 14. e4 Qf6
15. exd5 Bxh3 16. Ne4 Qf4 17. Neg5 Bxg2 18. Bxg6 Bxf3 19. Bxf7+ Kf8 20. Qc5+
1-0

[Event "ARG SUD III Sub 20 Boys"]
[Site "Matheu, Buenos Aires"]
[Date "2007.??.??"]
[Round "?"]
[White "Goldwaser, Christian"]
[Black "Garnier, René"]
[Result "1/2-1/2"]
[WhiteElo "2374"]
[BlackElo "2042"]
[PlyCount "73"]
[EventDate "2007.02.07"]

1. Nf3 c5 2. c4 Nf6 3. Nc3 Nc6 4. d4 cxd4 5. Nxd4 g6 6. e4 d6 7. f3 Nxd4 8.
Qxd4 Bg7 9. Be3 O-O 10. Qd2 Be6 11. Be2 Qa5 12. Rc1 Rfc8 13. b3 a6 14. Na4
Qxd2+ 15. Kxd2 Nd7 16. g4 Rab8 17. Nc3 f5 18. gxf5 gxf5 19. Rhg1 Kf7 20. f4 Nf6
21. Bf3 b5 22. exf5 Bxf5 23. cxb5 axb5 24. Rg5 Rxc3 25. Rxc3 Ne4+ 26. Bxe4
Bxc3+ 27. Kd3 Bxe4+ 28. Kxe4 Bf6 29. Rg2 Rc8 30. Bd4 Rc1 31. Bxf6 Kxf6 32. Rg5
Rc2 33. a3 b4 34. a4 Rb2 35. a5 Rxb3 36. Rf5+ Ke6 37. Rh5 1/2-1/2

[Event "ARG SUD III Sub 20 Boys"]
[Site "Matheu, Buenos Aires"]
[Date "2007.??.??"]
[Round "?"]
[White "Goldwaser, Christian"]
[Black "Latorre, Matias"]
[Result "1-0"]
[WhiteElo "2374"]
[BlackElo "2009"]
[PlyCount "31"]
[EventDate "2007.02.07"]

1. d4 d5 2. c4 c6 3. Nf3 Nf6 4. e3 e6 5. Bd3 Nbd7 6. O-O Bd6 7. Nc3 O-O 8. e4
dxc4 9. Bxc4 e5 10. Bg5 Qc7 11. Rc1 exd4 12. Qxd4 Ne5 13. Bxf6 Nxf3+ 14. gxf3
Bxh2+ 15. Kh1 gxf6 16. Rg1+ 1-0

[Event "ARG SUD III Sub 20 Boys"]
[Site "Matheu, Buenos Aires"]
[Date "2007.??.??"]
[Round "?"]
[White "Goldwaser, Christian"]
[Black "Mareco, Sandro"]
[Result "1/2-1/2"]
[WhiteElo "2374"]
[BlackElo "2356"]
[PlyCount "83"]
[EventDate "2007.02.07"]

1. Nf3 Nf6 2. c4 c5 3. Nc3 d5 4. cxd5 Nxd5 5. d4 e6 6. e4 Nxc3 7. bxc3 cxd4 8.
cxd4 Bb4+ 9. Bd2 Bxd2+ 10. Qxd2 O-O 11. Bc4 Nc6 12. O-O b6 13. Rad1 Bb7 14.
Rfe1 Rc8 15. Qf4 Ne7 16. Bb3 Ng6 17. Qg4 Qf6 18. d5 exd5 19. e5 Qe6 20. Qh5 Ne7
21. Nd4 Qg6 22. Qh3 Rc7 23. Bc2 Bc8 24. Qb3 Qh5 25. Nb5 Rb7 26. Qc3 Be6 27. Nd6
Rd7 28. h3 Ng6 29. Qg3 Qh6 30. Bb3 Qf4 31. Qxf4 Nxf4 32. Rd4 Ng6 33. f4 f6 34.
exf6 Rxd6 35. Rxe6 Rxe6 36. Bxd5 Rfxf6 37. f5 Nf8 38. fxe6 Nxe6 39. Rc4 Kf8 40.
Rc6 Nc5 41. Rc8+ Ke7 42. Bg8 1/2-1/2

[Event "ARG SUD III Sub 20 Boys"]
[Site "Matheu, Buenos Aires"]
[Date "2007.??.??"]
[Round "?"]
[White "Goldwaser, Christian"]
[Black "Needleman, Gaston"]
[Result "1-0"]
[WhiteElo "2374"]
[BlackElo "2437"]
[PlyCount "71"]
[EventDate "2007.02.07"]

1. Nf3 Nf6 2. c4 g6 3. Nc3 Bg7 4. e4 O-O 5. d4 d6 6. Be2 c5 7. O-O Na6 8. Re1
Bd7 9. d5 Nc7 10. e5 Ng4 11. Nd2 Nh6 12. Nde4 Nf5 13. exd6 exd6 14. Bg5 f6 15.
Bf4 Ne8 16. Bd3 g5 17. Bd2 h6 18. f4 Nd4 19. Qh5 Bf5 20. fxg5 fxg5 21. h4 Qd7
22. hxg5 Bg4 23. Qh4 h5 24. Ng3 Nf3+ 25. gxf3 Rxf3 26. Be4 Bd4+ 27. Kh1 Ng7 28.
Bxf3 Bxf3+ 29. Kh2 Bf2 30. Nce4 Bxe4 31. Nxe4 Bxh4 32. Nf6+ Kf7 33. Nxd7 Bxe1
34. Rxe1 Rd8 35. Rf1+ Ke7 36. Bc3 1-0

[Event "ARG SUD III Sub 20 Boys"]
[Site "Matheu, Buenos Aires"]
[Date "2007.02.07"]
[Round "?"]
[White "Jurich, Florencia"]
[Black "Cori Tello, Deysi"]
[Result "1-0"]
[WhiteElo "2046"]
[BlackElo "2125"]
[PlyCount "115"]
[EventDate "2007.02.07"]

1. e4 c5 2. Nf3 d6 3. d4 cxd4 4. Nxd4 Nf6 5. Nc3 Nc6 6. f3 g6 7. Be3 Bg7 8. Qd2
h5 9. O-O-O Bd7 10. Kb1 a6 11. f4 b5 12. Bd3 b4 13. Nce2 a5 14. f5 Ne5 15. Nf4
Qc8 16. fxg6 fxg6 17. Nf3 Nc4 18. Bxc4 Qxc4 19. Nxg6 Be6 20. b3 Qxe4 21. Nxh8
Nd5 22. Bd4 Nc3+ 23. Bxc3 bxc3 24. Qd3 Qxd3 25. Rxd3 Bxh8 26. Re1 Bf5 27. Rxd6
a4 28. Rh6 Bg7 29. Rxh5 axb3 30. axb3 Ra5 31. Nh4 Bxc2+ 32. Kxc2 Rxh5 33. g3
Ra5 34. Re2 Ra2+ 35. Kd3 Ra1 36. Nf5 Bh8 37. Nxe7 Kf7 38. Nc6 Rd1+ 39. Kc2 Ra1
40. Ne5+ Kg8 41. Kxc3 Ra5 42. Kd4 Kf8 43. b4 Rb5 44. Kc4 Rxe5 45. Rxe5 Bxe5 46.
Kd5 Bb8 47. Kc6 Ke7 48. b5 Kd8 49. Kb7 Be5 50. b6 Bd4 51. g4 Ke7 52. h4 Bf2 53.
h5 Kf6 54. Kc7 Kg5 55. b7 Kxg4 56. h6 Kf5 57. h7 Bd4 58. b8=Q 1-0

[Event "ARG SUD III Sub 20 Boys"]
[Site "Matheu, Buenos Aires"]
[Date "2007.??.??"]
[Round "?"]
[White "Jurich, Florencia"]
[Black "Fernandez, Maria Florencia"]
[Result "0-1"]
[WhiteElo "2046"]
[BlackElo "2022"]
[PlyCount "84"]
[EventDate "2007.02.07"]

1. e4 d6 2. d4 Nf6 3. Nc3 g6 4. f4 Bg7 5. Nf3 O-O 6. Bd3 Nc6 7. O-O e5 8. fxe5
dxe5 9. d5 Nd4 10. Nxe5 Nxe4 11. Bxe4 Bxe5 12. Bf4 Bg7 13. Qd2 Bf5 14. Bxf5
Nxf5 15. Nb5 c6 16. Nc7 Rc8 17. g4 Bd4+ 18. Kh1 Rxc7 19. d6 Rd7 20. c3 Be3 21.
Bxe3 Nxe3 22. Qxe3 Rxd6 23. Rae1 Rd2 24. Rf2 Rxf2 25. Qxf2 Qd5+ 26. Kg1 Qxa2
27. Re7 Qc4 28. h3 Rd8 29. Qe3 Qd5 30. Re8+ Rxe8 31. Qxe8+ Kg7 32. Qe2 b5 33.
b4 a6 34. Qe3 Kf6 35. Kf2 Qe5 36. Qf3+ Ke7 37. Qxc6 Qf6+ 38. Qf3 Qxf3+ 39. Kxf3
f5 40. g5 Ke6 41. Kf4 Kd5 42. h4 Kc4 0-1

[Event "ARG SUD III Sub 20 Boys"]
[Site "Matheu, Buenos Aires"]
[Date "2007.02.06"]
[Round "?"]
[White "Jurich, Florencia"]
[Black "Lovece, Ruth"]
[Result "1-0"]
[WhiteElo "2046"]
[BlackElo "2052"]
[PlyCount "139"]
[EventDate "2007.02.07"]

1. e4 c5 2. Nf3 d6 3. d4 cxd4 4. Nxd4 Nf6 5. Nc3 Nc6 6. f3 e5 7. Nb3 Be6 8. Be3
Be7 9. Qd2 O-O 10. O-O-O a6 11. g4 Qc7 12. Nd5 Bxd5 13. exd5 Nb8 14. g5 Nfd7
15. Qf2 Rc8 16. Kb1 a5 17. Nc1 Na6 18. Bd3 Nac5 19. Bf5 a4 20. Bxc5 dxc5 21.
Qd2 Bd6 22. h4 c4 23. Ne2 a3 24. b3 Rd8 25. h5 Nb6 26. g6 f6 27. h6 hxg6 28.
Bxg6 Bf8 29. Bf5 g5 30. Be6+ Kh8 31. Ng3 Qh7 32. Ne4 Be7 33. Qe3 cxb3 34. cxb3
Nc8 35. Ka1 Nd6 36. Nxg5 Qg6 37. Ne4 Nxe4 38. fxe4 Qg2 39. Qd2 Qxe4 40. Rhe1
Qb4 41. Qg2 Qc3+ 42. Kb1 Rg8 43. Bxg8 Rxg8 44. Qc2 Qxc2+ 45. Kxc2 Rg2+ 46. Rd2
Rg8 47. Re4 Bd6 48. Rf2 Rg6 49. Rh4 Kh7 50. Kd3 Be7 51. Rh3 Rg4 52. Rc2 Rd4+
53. Ke3 Bd6 54. Rd2 Rg4 55. Rc2 f5 56. Rf3 f4+ 57. Ke4 Kxh6 58. Rh2+ Kg6 59.
Rfh3 Kf6 60. Rh7 Rg7 61. R2h6+ Rg6 62. Rxg6+ Kxg6 63. Rxb7 Kf6 64. b4 f3 65.
Kxf3 Kf5 66. Rb6 e4+ 67. Ke3 Bf4+ 68. Ke2 Bc7 69. Re6 Bb8 70. b5 1-0

[Event "ARG SUD III Sub 20 Boys"]
[Site "Matheu, Buenos Aires"]
[Date "2007.??.??"]
[Round "?"]
[White "Jurich, Florencia"]
[Black "Zapata, Talia"]
[Result "1-0"]
[WhiteElo "2046"]
[BlackElo "2035"]
[PlyCount "103"]
[EventDate "2007.02.07"]

1. e4 c5 2. Nf3 e6 3. d4 cxd4 4. Nxd4 a6 5. Bd3 Qc7 6. O-O Nf6 7. Qe2 d6 8. c4
Be7 9. Nc3 O-O 10. Kh1 b6 11. f4 Nbd7 12. Bd2 Bb7 13. Rae1 Rfd8 14. f5 e5 15.
Nf3 Nc5 16. Rg1 Bc6 17. g4 Nxd3 18. Qxd3 b5 19. b3 Nd7 20. Nd5 Bxd5 21. cxd5
Rac8 22. Rc1 Qb7 23. g5 Rxc1 24. Bxc1 Rc8 25. f6 Bf8 26. fxg7 Bxg7 27. Bd2 Qc7
28. Rc1 Qb7 29. Nh4 Rxc1+ 30. Bxc1 Qc7 31. Bd2 Qc5 32. Kg2 Qa3 33. Qc2 Qc5 34.
Qd3 Qa3 35. Qb1 f6 36. Nf5 fxg5 37. Bxg5 Qb4 38. Qc2 Nc5 39. Nxd6 Bf8 40. Bd2
Qd4 41. Bc3 Qe3 42. Nf5 Qg5+ 43. Ng3 h5 44. Bd2 Qg4 45. h3 Qg6 46. Kf2 h4 47.
Nf5 Qh5 48. Be3 Nd7 49. Qc6 Qf7 50. Qe6 Qxe6 51. dxe6 Nf6 52. e7 1-0

[Event "ARG SUD III Sub 20 Boys"]
[Site "Matheu, Buenos Aires"]
[Date "2007.??.??"]
[Round "?"]
[White "Kavalyov, Anton"]
[Black "Blit, Jacques"]
[Result "1-0"]
[WhiteElo "2475"]
[BlackElo "2306"]
[PlyCount "47"]
[EventDate "2007.02.07"]

1. c4 Nf6 2. Nc3 e6 3. Nf3 d5 4. cxd5 exd5 5. d4 Be7 6. Bg5 O-O 7. e3 Nbd7 8.
Qc2 h6 9. Bf4 c6 10. h3 Re8 11. Bd3 b6 12. O-O Bb7 13. Rac1 Rc8 14. Rfd1 c5 15.
dxc5 bxc5 16. Be2 Qb6 17. Qb1 Qe6 18. Rc2 Ne4 19. Nxe4 dxe4 20. Bc4 Qg6 21.
Rcd2 Qb6 22. Rxd7 exf3 23. Qf5 Bf6 24. Bxf7+ 1-0

[Event "ARG SUD III Sub 20 Boys"]
[Site "Matheu, Buenos Aires"]
[Date "2007.??.??"]
[Round "?"]
[White "Kavalyov, Anton"]
[Black "Cori Tello, Jorge"]
[Result "1/2-1/2"]
[WhiteElo "2475"]
[BlackElo "2213"]
[PlyCount "97"]
[EventDate "2007.02.07"]

1. c4 Nf6 2. Nc3 g6 3. d4 Bg7 4. e4 d6 5. Be2 O-O 6. Bg5 h6 7. Be3 e5 8. d5 Ne8
9. Qd2 Kh7 10. Bd3 f5 11. exf5 Bxf5 12. Nge2 Nd7 13. Ng3 Bxd3 14. Qxd3 Qh4 15.
O-O Nef6 16. f3 a6 17. Bf2 Nh5 18. Nxh5 Qxh5 19. Ne4 Qf5 20. Rae1 b6 21. Re2
Nf6 22. g4 Qd7 23. Bg3 Nxe4 24. Qxe4 Rf6 25. Kg2 Raf8 26. h3 Qf7 27. b4 Qd7 28.
Qd3 Kh8 29. c5 Qb5 30. Qxb5 axb5 31. cxb6 cxb6 32. Rc2 Ra8 33. Rff2 Ra3 34. Rc6
Rd3 35. Rxb6 Rxd5 36. Rb7 Kg8 37. Rc2 Rf7 38. Rb8+ Kh7 39. Be1 Rd1 40. Re2 Rd3
41. Rf2 Rd5 42. Rd2 Rxd2+ 43. Bxd2 Ra7 44. Rxb5 Rxa2 45. Rd5 e4 46. Kf1 exf3
47. Rxd6 Be5 48. Rd7+ Kg8 49. Rd8+ 1/2-1/2

[Event "ARG SUD III Sub 20 Boys"]
[Site "Matheu, Buenos Aires"]
[Date "2007.??.??"]
[Round "?"]
[White "Kavalyov, Anton"]
[Black "Diamant, André"]
[Result "1-0"]
[WhiteElo "2475"]
[BlackElo "2426"]
[PlyCount "117"]
[EventDate "2007.02.07"]

1. c4 c5 2. Nf3 Nc6 3. d4 cxd4 4. Nxd4 g6 5. e4 Nf6 6. Nc3 d6 7. Be2 Nxd4 8.
Qxd4 Bg7 9. Be3 O-O 10. Qd2 Be6 11. Rc1 Qa5 12. b3 Rfc8 13. f3 a6 14. Na4 Qxd2+
15. Kxd2 Nd7 16. g4 f5 17. exf5 gxf5 18. h3 Rf8 19. f4 Nf6 20. Rhg1 Rad8 21.
Ke1 Bd7 22. Nb6 Bc6 23. gxf5 Be4 24. Bd4 Kh8 25. Rc3 Bxf5 26. Rcg3 Rf7 27. Nd5
e5 28. fxe5 dxe5 29. Bxe5 Bg6 30. Bxf6 Bxf6 31. Nxf6 Rxf6 32. Re3 a5 33. Rg5 b6
34. c5 bxc5 35. Rxc5 Ra8 36. a4 Rf4 37. Ree5 Bf7 38. Rc3 Rb4 39. Bd1 Rab8 40.
Ree3 Bg8 41. Kd2 Bf7 42. Kc1 Bg8 43. Bc2 Bf7 44. Re7 Rf4 45. Ra7 Rf1+ 46. Kb2
Rd8 47. Rxa5 Rd2 48. Rac5 Bg6 49. a5 Rf6 50. Ka3 Bf7 51. Bd3 Rf4 52. Bc4 Bg6
53. a6 Bb1 54. Rc1 Ra2+ 55. Kb4 Bc2 56. Rxc2 Rxc2 57. Rc8+ Kg7 58. a7 Rfxc4+
59. bxc4 1-0